00426nam a2200133Ia 4500008004100000245006800041260003300109260000900142300001000151500001300161650002700174999001900201952007200220170224s9999 xx 000 0 und d aTernary Images of Self-Dual Codes and Cyclic Codes over F3+ vF3 bPhilippine Computing Journal c2012 aVII:2 aDecember xInformation Technology c315880d315880 001040aCLbCLd2017-02-24l0r2017-02-24 00:00:00w2017-02-24ySE